Visualizzazione normale
Vista MARC
- Mussorgsky Modest
di Personal Name
Records bibliografici associati: 1
001 - CONTROL NUMBER
- control field: 31107
003 - CONTROL NUMBER IDENTIFIER
- control field: IT-RoPau
005 - DATE AND TIME OF LATEST TRANSACTION
- control field: 20140621211450.0
008 - FIXED-LENGTH DATA ELEMENTS
- fixed length control field: 140621|| aca||aabn | a|a d
040 ## - CATALOGING SOURCE
- Original cataloging agency: IT-RoPau
- Transcribing agency: IT-RoPau
100 ## - HEADING--PERSONAL NAME
- Personal name: Mussorgsky Modest
- Dates associated with a name: Codice autore musica SPICS: 45462
- Relator term: Autore musica
- Name of part/section of a work: Baba - Yaga (Quadri di una esposizione, Estr.)
670 ## - SOURCE DATA FOUND
- Source citation: Work cat.: (IT-RoPau)99280: AA.VV. 794, Top of the Spot 2 Classic